000 04599nab a2200313 i 4500
003 BR-BrBNA
005 20231116130719.0
008 231116b2021 bl.qr|pooa||| 00| 0 eng |
040 _aBR-BrBNA
_beng
072 _aP10
100 _aPereira, Erich Celestino Braga
100 _aLopes, Fernando Bezerra
100 _aAlmeida, Aldenia Mendes Mascena de
100 _aAndrade, Eunice Maia de
100 _aLopes, José Frédson Bezerra
245 _aSediments and nutrients input to a small reservoir in the tropical semi-arid region
500 _a Publicação on-line; 26 ref.; 4 illus.; 4 tables; Summaries (En, Pt)
520 _a ABSTRACT - The sediment and nutrients that are input to surface reservoirs compromise the quality and quantity of the stored water. The aim of this study was to investigate the dynamics of sediment and nutrient input along the drainage basin of a small reservoir in the semi-arid region. The reservoir under study was built in 1956 and has a storage capacity of 5.01 hm3. Seven trenches were dug along the drainage basin of the reservoir following the river. Sediment samples were collected at increasing depths of 20 cm until reaching the original riverbed. An analysis of particle size, total organic carbon (TOC), total nitrogen (TN), available phosphorus (P), exchangeable aluminium (Al), total iron (TFe) and pH was carried out. Approximately 60% of the sediment in the reservoir is composed of clay and silt, and 40% of sand. The greatest thickness of the sediment layer, as well as the greatest concentration of fine sediment, was registered in the section nearest to the dam. The values for TOC (2.47 < TOC < 34.47 g kg-1) and TN (0.69 <T N < 3.97 g kg-1) showed a positive and significant correlation with each other (r = 0.95) and with the fine sediment (r = 0.85; r = 0.77). The P (12.19 < P < 41.99 mg kg-1) showed an inverse relationship with the organic components, fine sediment, TFe and Al. The mean C/N ratio of 8.77 demonstrates the predominance of sources of anthropogenic pollution in the drainage basin of the reservoir. The fine sediment proved to a determinant factor in the retention and availability of TOC, TN and P, with the reservoir acting as a deposit for the input nutrients. Key words: Silting. Toposequence. Water resources.
520 _a RESUMO - Os sedimentos e nutrientes aportados à reservatórios superficiais comprometem a qualidade e a quantidade da água armazenada. Desta forma, objetivou-se investigar a dinâmica do aporte de sedimentos e nutrientes ao logo da bacia hidráulica de um reservatório de pequeno porte no semiárido. O reservatório estudado foi construído no ano de 1956, com capacidade de armazenamento de 5,01 hm3 . Foram escavadas sete trincheiras seguindo o leito do rio ao longo da bacia hidráulica do reservatório. As amostras de sedimento foram coletadas a cada 20 cm de profundidade até atingir o leito original do rio. Foi realizada análise granulométrica, carbono orgânico total (COT), nitrogênio total (NT), fósforo disponível (P), alumínio trocável (Al), ferro total (FeT) e pH. Aproximadamente 60% do sedimento no reservatório é composto por argila e silte e 40% por areia. A maior espessura da camada de sedimentos, bem como a maior concentração de sedimentos finos, registrou-se no trecho próximo à barragem. Os valores de COT (2,47 < COT < 34,47 g kg-1) e NT (0,69 < NT < 3,97 g kg-1) apresentaram correlações positivas e significativas entre si (r = 0,95) e com sedimentos finos (r = 0,85; r = 0,77). O P (12,19 < P < 41,99 mg kg-1) apresentou relação inversa com os componentes orgânicos, sedimentos finos, FeT e Al. A relação C/N média de 8,77 demonstra o predomínio de fontes de poluição antrópicas na bacia de contribuição do reservatório. Os sedimentos finos mostraram-se determinante na retenção e disponibilidade do COT, NT e P, atuando o reservatório como depósito dos nutrientes aportados. Palavras-chave: Assoreamento. Topossequência. Recursos hídricos
650 _aRESERVATÓRIO DE ÁGUA
650 _aSEDIMENTO
650 _aNUTRIENTE
650 _aANÁLISE QUÍMICA
650 _aQUALIDADE DA ÁGUA
773 0 _04290
_9102271
_dFortaleza-CE Universidade Federal do Ceará. Centro de Ciências Agrárias 2002
_o2023-436724
_tRevista Ciência Agronômica (Brazil)
_x0045-6888; 1806-6690 (on-line)
_gv. 52(1) p. 1-10; (2021)
_wBR2023002060
856 _uhttps://www.scielo.br/j/rca/a/WsJTf3hQbFrstwbjnvnqbws/?format=pdf&lang=en
942 _cAnalítica
999 _c86742
_d86742